| 000 | 01203nam a22002177a 4500 | ||
|---|---|---|---|
| 999 |
_c63673 _d63673 |
||
| 003 | Ge_BSU | ||
| 005 | 20251205145831.0 | ||
| 008 | 251205s2018 ge ||||| |||| 00| 0 geo d | ||
| 020 | _a9789941255557 | ||
| 041 | _ageo | ||
| 080 | _a94(479.224) ა-72 | ||
| 100 |
_aანჩაბაძე, ჯამბულ _926367 |
||
| 245 |
_aნარკვევები აფხაზეთის უახლესი ისტორიიდან : _b [სტატიების კრებული] / _cჯამბულ ანჩაბაძე; რედაქტორი დაზმირ ჯოჯუა; სოხუმის სახელმწ. უნივერსიტეტი. |
||
| 264 |
_aთბილისი : _b მერიდიანი, _c2018. |
||
| 300 |
_a200 გვ. ; _b 20 სმ. |
||
| 504 | _aბიბლიოგრაფია ტექსტის შენიშვნებში. | ||
| 653 | _aაფხაზეთის ისტორია | ||
| 700 |
_aჯოჯუა, დაზმირ _eრედაქტორი _926368 |
||
| 710 |
_aსოხუმის სახელმწ. უნივერსიტეტი _917399 |
||
| 942 |
_2udc _cBK |
||